000 00399nam a2200169Ia 4500
999 _c90782
_d90782
003 0100
005 20180228094801.0
008 130307s9999 xx 000 0 und d
040 _cARRUPELIB
050 _aDT766.T37 1902
100 _aTheal, George M'Call
_930355
245 4 _aThe beginning of South African history /
260 _aCape town
_bT. Maskew Miller
_c1902
300 _a502p.
300 _b23 cm
650 _aSouth Africa
_xHistory
_927612
942 _2lcc
_cMONOGRAPH